000
00313nam a2200109 a 4500
005
20140513081051.0
008
020606s19uu xx 00 eng d
050
_a
P 307.3
_b
COM
245
_a
We need community helpers, Poster 15 :
_b
Places around, Poster 30.
650
_a
Community helpers
_x
Poster
999
_c
116317
_d
116317